Corrientes marinas

Kaydedildi:
Detaylı Bibliyografya
Yazar: Fonseca Figueroa, Tomás (autor)
Diğer Yazarlar: Morales Gamboa, Esteban (autor)
Materyal Türü: Kitap
Dil:İspanyolca
Baskı/Yayın Bilgisi: Valparaíso Universidad Católica de Valparaíso 1983
Konular:
Etiketler: Etiketle
Etiket eklenmemiş, İlk siz ekleyin!

MARC

LEADER 00000nam a2200000 a 4500
001 UCV4850
003 CL-VaPUC
008 881027e19830000CL |||||||||||||||||spa|d
082 0 4 |a 551.47  |b FON  |2 21 
100 |a Fonseca Figueroa, Tomás  |e autor  |9 769999 
700 |a Morales Gamboa, Esteban  |e autor  |9 830928 
245 1 0 |a Corrientes marinas 
300 |a 180 h 
942 |c BK 
945 |d 19881027 00:00:00 
260 |a Valparaíso  |b Universidad Católica de Valparaíso  |c 1983 
650 7 |a CORRIENTES MARITIMAS  |2 CL-VaPUC  |9 261164 
583 |a last modification  |c 19881027 00:00:00  |k Rodrigo Vera 
999 |c 211500  |d 211498 
952 |0 0  |1 0  |4 0  |6 551_470000000000000_FON_1983  |7 0  |8 CCM  |9 190908  |a BIBCUR  |b BIBCUR  |d 2019-11-14  |i 2585928  |o 551.47 FON 1983  |p 2585928  |r 2025-04-22  |w 2019-11-14  |y BK  |k CIM 
952 |0 0  |1 0  |4 0  |6 551_470000000000000_FON_1983  |7 0  |8 CCM  |9 190909  |a BIBCUR  |b BIBCUR  |d 2019-11-14  |i 2585936  |l 1  |o 551.47 FON 1983  |p 2585936  |r 2025-04-22  |s 2024-08-22  |w 2019-11-14  |y BK  |k CIM 
952 |0 0  |1 0  |4 0  |6 551_470000000000000_FON_1983  |7 0  |8 CCM  |9 190910  |a BIBCUR  |b BIBCUR  |d 2019-11-14  |i 2585952  |o 551.47 FON 1983  |p 2585952  |r 2025-04-22  |w 2019-11-14  |y BK  |k CIM